00701cam a2200169 a 4500008004100000020001500041035001200056050002100068245013600089260008100225300002600306440004200332504002800374651006800402700002800470700003300498030402s1999 enk 000 0 eng u a1900039273 aa429441 0aF1412 bI53 199900aIndependence and revolution in Spanish America :bperspectivas and problems /ced. by Anthony McFarlane and Eduardo Posada-Carbó. aLondon :bUniversity of London, Institute of Latin American Studies, c1999. aiii, 192 p. ;c22 cm. 0aNineteenth-Century Latin America ;v3 aIncluye bibliografías 4aHispanoamerica xHistoria yGuerras de independencia, 1806-18301 aMcFarlane, Anthony, ed.1 aPosada-Carbó, Eduardo, ed.